Os cinco e o comboio fantasma (Registo nº 1903)
[ vista simples ]
| 000 -Etiqueta do registo | |
|---|---|
| Cabeçalho | 00906nam a22003011 4500 |
| 005 - Identificador da versão | |
| Campo de controlo | 20240813121919.0 |
| 095 ## - | |
| -- | PTBN00236255 |
| 021 ## - Número do Depósito Legal | |
| Código do país | PT |
| 100 ## - Dados gerais de processamento | |
| Dados gerais de processamento | 20070523d1974 a y0pory5003 ba |
| 102 ## - Pais de publicação ou produção | |
| País de publicação | Portugal |
| 101 1# - Língua de publicação | |
| Língua do texto, banda sonora, etc. | Português |
| Língua do documento no original | Inglês |
| 106 ## - Campo de dados codificados: material textual | |
| Dados codificados do material textual | r |
| 105 ## - Campo de dados codificados: livros | |
| Dados codificados dos livros | a z 000ay |
| 215 ## - Descrição física | |
| Indicação específica da natureza do documento e extensão da espécie | 218, [5] p. |
| Outras indicações físicas | il. |
| Dimensões | 17 cm |
| 200 1# - Titulo e menção de responsabilidade | |
| Título próprio | Os cinco e o comboio fantasma |
| Primeira menção de responsabilidade | Enid Blyton |
| Outras menções de responsabilidade | trad. de Maria da Graça Moctezuma |
| 225 2# - Colecção | |
| Título próprio da colecção | Juvenil |
| Indicação de volume | 7 |
| 210 ## - Publicação, Distribuição, etc. | |
| Lugar da edição, distribuição, etc. | Lisboa |
| Nome do editor, distribuidor, etc. | Empresa Nacional de Publicidade |
| Data da publicação, distribuição, etc. | [1974] |
| 304 ## - Notas relativas a título e menção de responsabilidade | |
| Texto da nota | Tít. orig.: Five go off to camp |
| 606 ## - Nome comum usado como assunto | |
| Número de registo de entrada de autoridade | 0000479 |
| Palavra de ordem | Literatura estrangeira juvenil |
| Subdivisão de assunto | Romance de aventuras |
| 675 ## - Classificação Decimal Universal (CDU) | |
| Notação | 82-311.3 |
| Edição | 2ª |
| Língua da edição | por |
| 702 #1 - Nome de autor-pessoa física (responsabilidade secundária) | |
| Número de registo de entrada de autoridade | 0000482 |
| Palavra de ordem | Moctezuma |
| Outra parte do nome não tomada para palavra de ordem | Maria da Graça de |
| Código de função | Tradutor |
| 700 #1 - Nome de autor-pessoa física (responsabilidade principal) | |
| Número de registo de entrada de autoridade | 0000183 |
| Palavra de ordem | Blyton |
| Outra parte do nome não tomada para palavra de ordem | Enid |
| Datas | 1897-1968 |
| 942 ## - Elementos de entrada adicionados (Koha) | |
| Tipo de item no Koha | Livro |
| Situação do levantamento | Origin of item (home branch) (coded) | Biblioteca de empréstimo | Código de barras | Cota | Circulation type (not for loan) | Tipo de documento | Nota do exemplar | Damaged status |
|---|---|---|---|---|---|---|---|---|
| Biblioteca Escolar da Coca Maravilhas | Biblioteca Escolar da Coca Maravilhas | BECM2654/94 | 8EST BLY | Livro | Sem mensagem |
